[Event "eytcc"]
[Site "?"]
[Date "2017.08.17"]
[Round "1.18"]
[White "Pechac, Jergus"]
[Black "Zamar Kodelja, Jurij"]
[Result "1-0"]
[BlackElo "2251"]
[WhiteElo "2441"]
[LiveChessVersion "1.4.4"]

1. b3 {[%clk 1:30:57]} Nf6 {[%clk 1:29:14]} 2. Bb2 {[%clk 1:31:22]} e6
{[%clk 1:29:18]} 3. g3 {[%clk 1:31:34]} d5 {[%clk 1:29:02]} 4. Nf3
{[%clk 1:32:01]} Be7 {[%clk 1:29:25]} 5. Bg2 {[%clk 1:32:28]} O-O
{[%clk 1:29:05]} 6. O-O {[%clk 1:32:54]} b6 {[%clk 1:28:41]} 7. c4
{[%clk 1:33:20]} Bb7 {[%clk 1:29:04]} 8. cxd5 {[%clk 1:33:46]} exd5
{[%clk 1:29:05]} 9. d4 {[%clk 1:33:51]} Bd6 {[%clk 1:27:50]} 10. Nc3
{[%clk 1:34:11]} a6 {[%clk 1:28:15]} 11. Ne5 {[%clk 1:26:00]} Re8
{[%clk 1:20:12]} 12. Rc1 {[%clk 1:22:13]} Ra7 {[%clk 1:12:38]} 13. Qd3
{[%clk 1:10:55]} Nbd7 {[%clk 1:10:50]} 14. f4 {[%clk 1:11:16]} Nf8
{[%clk 1:01:32]} 15. Nd1 {[%clk 1:09:16]} c5 {[%clk 0:56:29]} 16. Ne3
{[%clk 1:07:32]} cxd4 {[%clk 0:53:42]} 17. Nf5 {[%clk 1:01:47]} Ne6
{[%clk 0:46:36]} 18. Nxd4 {[%clk 0:54:46]} Nc5 {[%clk 0:43:43]} 19. Qf5
{[%clk 0:55:11]} Ra8 {[%clk 0:39:09]} 20. Qh3 {[%clk 0:38:00]} Nfe4
{[%clk 0:30:20]} 21. Nf5 {[%clk 0:38:15]} Bxe5 {[%clk 0:23:41]} 22. Bxe5
{[%clk 0:38:03]} f6 {[%clk 0:20:56]} 23. Bxe4 {[%clk 0:33:29]} fxe5
{[%clk 0:05:03]} 24. Ne7+ {[%clk 0:31:57]} Kf7 {[%clk 0:04:40]} 25. fxe5+
{[%clk 0:10:47]} Kxe7 {[%clk 0:05:03]} 26. Bf5 {[%clk 0:11:12]} Rf8
{[%clk 0:04:34]} 27. Qxh7 {[%clk 0:11:11]} Rf7 {[%clk 0:02:05]} 28. Qh4+
{[%clk 0:11:34]} Kf8 {[%clk 0:02:13]} 29. Bg6 {[%clk 0:11:58]} Qxh4
{[%clk 0:01:26]} 30. Rxf7+ {[%clk 0:12:22]} Kg8 {[%clk 0:01:54]} 31. gxh4
{[%clk 0:12:45]} Bc6 {[%clk 0:02:22]} 32. b4 {[%clk 0:12:25]} Be8
{[%clk 0:02:46]} 33. bxc5 {[%clk 0:12:46]} Bxf7 {[%clk 0:03:06]} 34. Bxf7+
{[%clk 0:13:09]} Kxf7 {[%clk 0:03:34]} 35. cxb6 {[%clk 0:13:32]} Ke6
{[%clk 0:03:59]} 36. Rc7 {[%clk 0:13:48]} Rb8 {[%clk 0:04:11]} 37. Rxg7
{[%clk 0:14:12]} Kxe5 {[%clk 0:04:38]} 38. b7 {[%clk 0:14:31]} 1-0

[Event "eytcc"]
[Site "?"]
[Date "2017.08.17"]
[Round "1.19"]
[White "Brinovec, David"]
[Black "Karas, Marek"]
[Result "1/2-1/2"]
[BlackElo "2256"]
[WhiteElo "2178"]
[LiveChessVersion "1.4.4"]

1. e4 {[%clk 1:30:55]} e6 {[%clk 1:30:51]} 2. d4 {[%clk 1:30:56]} d5
{[%clk 1:31:15]} 3. exd5 {[%clk 1:30:48]} exd5 {[%clk 1:31:37]} 4. c4
{[%clk 1:31:07]} Nf6 {[%clk 1:31:59]} 5. Nc3 {[%clk 1:31:09]} Be7
{[%clk 1:32:21]} 6. Bd3 {[%clk 1:30:44]} O-O {[%clk 1:32:38]} 7. Nf3
{[%clk 1:29:12]} Nc6 {[%clk 1:31:58]} 8. O-O {[%clk 1:29:12]} Bg4
{[%clk 1:27:44]} 9. Be3 {[%clk 1:29:24]} Nb4 {[%clk 1:25:38]} 10. Be2
{[%clk 1:25:44]} dxc4 {[%clk 1:25:35]} 11. Bxc4 {[%clk 1:25:30]} Nbd5
{[%clk 1:24:19]} 12. h3 {[%clk 1:23:14]} Bh5 {[%clk 1:23:40]} 13. g4
{[%clk 1:07:07]} Bg6 {[%clk 1:21:21]} 14. Ne5 {[%clk 1:06:45]} c6
{[%clk 1:12:56]} 15. Nxg6 {[%clk 0:59:51]} hxg6 {[%clk 1:13:04]} 16. Qf3
{[%clk 0:58:03]} Nxc3 {[%clk 1:08:51]} 17. bxc3 {[%clk 0:58:25]} Nd5
{[%clk 1:08:44]} 18. Rab1 {[%clk 0:53:29]} Qd7 {[%clk 1:05:26]} 19. Bxd5
{[%clk 0:44:03]} cxd5 {[%clk 1:05:39]} 20. c4 {[%clk 0:44:30]} b6
{[%clk 1:01:04]} 21. Qxd5 {[%clk 0:38:32]} Qxd5 {[%clk 1:01:06]} 22. cxd5
{[%clk 0:39:00]} Rfd8 {[%clk 1:00:35]} 23. Rb5 {[%clk 0:38:44]} Rd7
{[%clk 0:58:07]} 24. Rc1 {[%clk 0:20:30]} Rad8 {[%clk 0:54:48]} 25. Kg2
{[%clk 0:11:15]} Bd6 {[%clk 0:44:10]} 26. Kf3 {[%clk 0:11:07]} f5
{[%clk 0:43:11]} 27. Rc6 {[%clk 0:06:25]} Kf7 {[%clk 0:42:14]} 28. a4
{[%clk 0:03:58]} Bb8 {[%clk 0:39:53]} 29. gxf5 {[%clk 0:01:55]} gxf5
{[%clk 0:40:15]} 30. d6 {[%clk 0:02:17]} g6 {[%clk 0:38:40]} 31. d5
{[%clk 0:01:26]} Rxd6 {[%clk 0:37:42]} 32. Rxd6 {[%clk 0:01:42]} Rxd6
{[%clk 0:37:14]} 33. a5 {[%clk 0:01:21]} Bc7 {[%clk 0:36:00]} 34. Bf4
{[%clk 0:01:34]} Rd7 {[%clk 0:36:23]} 35. Bxc7 {[%clk 0:01:48]} Rxc7
{[%clk 0:36:44]} 36. axb6 {[%clk 0:01:51]} axb6 {[%clk 0:37:07]} 37. Rxb6
{[%clk 0:02:17]} Rc5 {[%clk 0:35:28]} 38. Rd6 {[%clk 0:02:19]} Rc3+
{[%clk 0:35:19]} 39. Kg2 {[%clk 0:01:04]} Rd3 {[%clk 0:35:38]} 40. h4
{[%clk 0:31:12]} Rd4 {[%clk 1:02:47]} 41. Kg3 {[%clk 0:27:57]} Rg4+
{[%clk 1:01:31]} 42. Kh3 {[%clk 0:27:44]} Rf4 {[%clk 1:00:39]} 43. Rd7+
{[%clk 0:26:40]} Kf6 {[%clk 1:00:52]} 44. Rd6+ {[%clk 0:27:00]} Kf7
{[%clk 1:01:15]} 45. Kg3 {[%clk 0:27:22]} Rg4+ {[%clk 1:01:37]} 46. Kh3
{[%clk 0:27:45]} 1/2-1/2

[Event "eytcc"]
[Site "?"]
[Date "2017.08.17"]
[Round "1.20"]
[White "Jablonicky, Martin"]
[Black "Subelj, Jan"]
[Result "1/2-1/2"]
[BlackElo "2120"]
[WhiteElo "2328"]
[LiveChessVersion "1.4.4"]

1. b3 {[%clk 1:30:56]} e5 {[%clk 1:28:08]} 2. Bb2 {[%clk 1:31:21]} Nc6
{[%clk 1:28:32]} 3. e3 {[%clk 1:31:45]} Nf6 {[%clk 1:28:54]} 4. Nf3
{[%clk 1:31:46]} e4 {[%clk 1:28:47]} 5. Nd4 {[%clk 1:32:12]} Nxd4
{[%clk 1:27:45]} 6. Bxd4 {[%clk 1:32:28]} d5 {[%clk 1:27:32]} 7. c4
{[%clk 1:31:44]} c6 {[%clk 1:23:30]} 8. Nc3 {[%clk 1:30:56]} Be7 {[%clk 1:23:37]}
9. cxd5 {[%clk 1:27:00]} cxd5 {[%clk 1:23:52]} 10. Bb5+ {[%clk 1:22:56]} Bd7
{[%clk 1:24:03]} 11. Bxd7+ {[%clk 1:21:22]} Qxd7 {[%clk 1:24:14]} 12. d3
{[%clk 1:21:38]} Qf5 {[%clk 1:16:24]} 13. O-O {[%clk 1:15:12]} O-O
{[%clk 1:15:11]} 14. Rc1 {[%clk 1:05:48]} a6 {[%clk 1:09:57]} 15. dxe4
{[%clk 0:59:47]} dxe4 {[%clk 1:10:12]} 16. Bxf6 {[%clk 0:52:05]} Bxf6
{[%clk 1:09:35]} 17. Qd5 {[%clk 0:52:33]} Qxd5 {[%clk 1:08:32]} 18. Nxd5
{[%clk 0:52:59]} Rac8 {[%clk 1:05:01]} 19. g4 {[%clk 0:45:40]} Rfd8
{[%clk 1:03:13]} 20. Kg2 {[%clk 0:43:12]} Rxc1 {[%clk 1:03:30]} 21. Nxf6+
{[%clk 0:43:41]} gxf6 {[%clk 1:03:44]} 22. Rxc1 {[%clk 0:44:10]} Rd2
{[%clk 1:03:49]} 23. Rc7 {[%clk 0:43:38]} Rxa2 {[%clk 0:54:08]} 24. Rxb7
{[%clk 0:43:55]} Kg7 {[%clk 0:54:07]} 25. Rb6 {[%clk 0:42:29]} a5
{[%clk 0:52:26]} 26. Kg3 {[%clk 0:41:27]} a4 {[%clk 0:35:45]} 27. bxa4
{[%clk 0:41:28]} Rxa4 {[%clk 0:36:08]} 28. Rb5 {[%clk 0:39:35]} Kg6
{[%clk 0:35:05]} 29. h4 {[%clk 0:36:16]} Ra1 {[%clk 0:33:42]} 30. h5+
{[%clk 0:26:03]} Kg7 {[%clk 0:33:55]} 31. Rf5 {[%clk 0:20:09]} Ra2
{[%clk 0:32:50]} 32. Rf4 {[%clk 0:19:36]} Ra5 {[%clk 0:32:42]} 33. Rxe4
{[%clk 0:19:54]} f5 {[%clk 0:33:06]} 34. Rf4 {[%clk 0:19:13]} fxg4 35. Kxg4
{[%clk 0:19:42]} Rc5 {[%clk 0:32:15]} 36. Rf5 {[%clk 0:18:37]} Rc4+
{[%clk 0:32:35]} 37. Rf4 {[%clk 0:16:10]} Rc1 {[%clk 0:32:33]} 38. e4
{[%clk 0:14:54]} h6 {[%clk 0:31:11]} 39. Kf5 {[%clk 0:13:05]} Rh1
{[%clk 0:30:49]} 40. Rg4+ {[%clk 0:43:00]} Kf8 {[%clk 1:00:50]} 41. Kf6
{[%clk 0:42:42]} Ra1 {[%clk 1:00:32]} 42. e5 {[%clk 0:41:27]} Ra6+
{[%clk 1:00:56]} 43. Kf5 {[%clk 0:41:51]} Rb6 {[%clk 1:00:49]} 44. Ra4
{[%clk 0:40:49]} Kg7 {[%clk 1:00:56]} 45. Ra7 {[%clk 0:39:53]} Rc6
{[%clk 1:00:54]} 46. f4 {[%clk 0:39:56]} Kg8 47. Rd7 Ra6 {[%clk 0:59:46]} 48. Rd6
{[%clk 0:40:14]} Ra1 {[%clk 0:59:57]} 49. Rxh6 {[%clk 0:35:14]} Rh1
{[%clk 1:00:14]} 50. Kf6 {[%clk 0:35:39]} Rf1 {[%clk 0:59:51]} 51. f5
{[%clk 0:28:11]} Rf2 {[%clk 1:00:10]} 52. Kg5 {[%clk 0:26:23]} Rg2+
{[%clk 1:00:35]} 53. Kf4 {[%clk 0:25:22]} Rf2+ {[%clk 1:00:22]} 54. Ke4
{[%clk 0:24:06]} Rh2 {[%clk 0:57:23]} 55. e6 {[%clk 0:23:08]} Kg7
{[%clk 0:57:25]} 56. f6+ {[%clk 0:21:51]} Kg8 {[%clk 0:57:20]} 57. e7
{[%clk 0:21:57]} Rh4+ {[%clk 0:57:42]} 58. Ke5 {[%clk 0:21:02]} Re4+
{[%clk 0:57:51]} 59. Kd6 {[%clk 0:21:31]} Rd4+ {[%clk 0:58:21]} 60. Kc7
{[%clk 0:21:50]} Rc4+ {[%clk 0:58:47]} 61. Kd8 {[%clk 0:21:02]} Rc8+
{[%clk 0:59:01]} 62. Kd7 {[%clk 0:20:48]} Rc7+ {[%clk 0:59:24]} 63. Kxc7 1/2-1/2

[Event "eytcc"]
[Site "?"]
[Date "2017.08.17"]
[Round "1.21"]
[White "Thybo, Jesper Sondergaard"]
[Black "Winiarski, Mikolaj"]
[Result "1-0"]
[BlackElo "2269"]
[WhiteElo "2464"]
[LiveChessVersion "1.4.4"]

1. e4 {[%clk 1:30:55]} c5 {[%clk 1:30:56]} 2. Nf3 {[%clk 1:31:16]} d6
{[%clk 1:31:22]} 3. d4 {[%clk 1:31:41]} cxd4 {[%clk 1:31:46]} 4. Nxd4
{[%clk 1:32:07]} Nf6 {[%clk 1:32:10]} 5. Nc3 {[%clk 1:32:14]} g6 {[%clk 1:32:34]}
6. Be3 {[%clk 1:32:34]} Bg7 {[%clk 1:32:58]} 7. f3 {[%clk 1:32:54]} O-O
{[%clk 1:33:23]} 8. Qd2 {[%clk 1:33:18]} Nc6 {[%clk 1:33:44]} 9. g4
{[%clk 1:32:34]} Be6 {[%clk 1:30:06]} 10. Nxe6 {[%clk 1:32:53]} fxe6
{[%clk 1:30:31]} 11. O-O-O {[%clk 1:33:12]} Qc8 {[%clk 1:26:54]} 12. h4
{[%clk 1:26:34]} Ne5 {[%clk 1:26:20]} 13. Be2 Nfd7 {[%clk 1:19:34]} 14. h5
{[%clk 1:27:09]} Nxf3 {[%clk 1:08:36]} 15. Nd5 exd5 {[%clk 0:41:39]} 16. Qxd5+
{[%clk 1:26:14]} Rf7 {[%clk 0:42:04]} 17. hxg6 {[%clk 1:24:32]} hxg6
{[%clk 0:42:16]} 18. Bxf3 {[%clk 1:24:12]} Ne5 {[%clk 0:40:06]} 19. Be2
{[%clk 1:18:53]} Qc6 {[%clk 0:37:07]} 20. Qxc6 {[%clk 1:01:51]} bxc6
{[%clk 0:37:26]} 21. g5 {[%clk 1:00:36]} c5 {[%clk 0:30:44]} 22. Rh4
{[%clk 0:55:43]} Rb8 {[%clk 0:18:45]} 23. c3 {[%clk 0:53:11]} Kf8
{[%clk 0:10:19]} 24. Rdh1 {[%clk 0:48:54]} Ke8 {[%clk 0:08:47]} 25. Rh7
{[%clk 0:46:58]} Kd7 {[%clk 0:06:23]} 26. a4 {[%clk 0:46:45]} e6 {[%clk 0:06:02]}
27. Kc2 {[%clk 0:44:03]} Ke7 {[%clk 0:06:15]} 28. a5 {[%clk 0:43:43]} Nc6
{[%clk 0:03:17]} 29. a6 {[%clk 0:43:38]} Be5 {[%clk 0:01:57]} 30. R1h6
{[%clk 0:36:28]} Bg7 {[%clk 0:00:39]} 31. Rxg6 {[%clk 0:34:41]} Bxc3
{[%clk 0:01:00]} 32. Rxe6+ {[%clk 0:31:40]} Kxe6 {[%clk 0:01:26]} 33. Bc4+
{[%clk 0:32:07]} Ke5 {[%clk 0:01:51]} 34. Rxf7 {[%clk 0:31:49]} Kxe4
{[%clk 0:02:09]} 35. bxc3 {[%clk 0:30:55]} Kxe3 {[%clk 0:01:47]} 36. Bd5
{[%clk 0:29:00]} 1-0

[Event "eytcc"]
[Site "?"]
[Date "2017.08.17"]
[Round "1.22"]
[White "Chylewski, Patryk"]
[Black "Percivaldi, Martin"]
[Result "1/2-1/2"]
[BlackElo "2407"]
[WhiteElo "2241"]
[LiveChessVersion "1.4.4"]

1. e4 {[%clk 1:30:51]} e6 {[%clk 1:30:51]} 2. d4 {[%clk 1:31:16]} d5
{[%clk 1:31:10]} 3. Nd2 {[%clk 1:31:33]} c5 {[%clk 1:31:30]} 4. Ngf3
{[%clk 1:31:55]} cxd4 {[%clk 1:31:48]} 5. exd5 {[%clk 1:32:18]} Qxd5
{[%clk 1:32:06]} 6. Bc4 {[%clk 1:32:42]} Qd6 {[%clk 1:32:25]} 7. O-O
{[%clk 1:33:03]} Nf6 {[%clk 1:32:45]} 8. Nb3 {[%clk 1:33:19]} Nc6
{[%clk 1:33:05]} 9. Nbxd4 {[%clk 1:33:39]} Nxd4 {[%clk 1:33:26]} 10. Nxd4
{[%clk 1:34:01]} a6 {[%clk 1:33:47]} 11. Re1 {[%clk 1:31:00]} Qc7
{[%clk 1:34:04]} 12. Bb3 {[%clk 1:31:03]} Bd6 {[%clk 1:34:08]} 13. Nf5
{[%clk 1:29:45]} Bxh2+ {[%clk 1:34:28]} 14. Kh1 {[%clk 1:30:11]} O-O
{[%clk 1:34:46]} 15. Nxg7 {[%clk 1:30:18]} Rd8 {[%clk 1:35:07]} 16. Qf3
{[%clk 1:30:42]} Kxg7 {[%clk 1:35:28]} 17. Bh6+ {[%clk 1:31:02]} Kg6
{[%clk 1:35:51]} 18. c3 {[%clk 1:31:27]} Nh5 {[%clk 1:36:12]} 19. Bc1
{[%clk 1:31:39]} Bf4 {[%clk 1:36:17]} 20. g4 {[%clk 1:31:57]} Ng3+
{[%clk 1:35:22]} 21. fxg3 {[%clk 1:32:12]} Bxc1 {[%clk 1:35:44]} 22. Raxc1
{[%clk 1:28:40]} b6 {[%clk 1:34:41]} 23. Bc2+ {[%clk 1:25:03]} Kg7
{[%clk 1:34:37]} 24. Be4 {[%clk 1:23:06]} Ra7 {[%clk 1:33:30]} 25. Rc2
{[%clk 0:36:17]} Bb7 {[%clk 1:30:11]} 26. Rh2 {[%clk 0:29:55]} Bxe4
{[%clk 1:30:03]} 27. Qxe4 {[%clk 0:28:35]} Qb7 {[%clk 1:11:30]} 28. Rxh7+
{[%clk 0:26:46]} Kg8 {[%clk 1:11:54]} 29. Qxb7 {[%clk 0:19:27]} Rxb7
{[%clk 1:12:22]} 30. Rh2 {[%clk 0:19:35]} Rbd7 {[%clk 1:12:37]} 31. Rf2
{[%clk 0:16:35]} Rd3 {[%clk 1:12:26]} 32. Kg2 {[%clk 0:16:00]} Kg7
{[%clk 1:12:33]} 33. Re4 {[%clk 0:12:32]} Kg6 {[%clk 1:09:04]} 34. Ref4
{[%clk 0:08:21]} R8d7 {[%clk 1:09:25]} 35. Rf6+ {[%clk 0:07:14]} Kg7
{[%clk 1:09:49]} 36. R6f4 {[%clk 0:06:12]} Kg6 {[%clk 1:09:02]} 37. Rf6+
{[%clk 0:04:21]} Kg7 {[%clk 1:09:23]} 38. R6f4 {[%clk 0:04:24]} Kg6
{[%clk 1:08:43]} 39. Rf6+ {[%clk 0:03:31]} Kg7 {[%clk 1:09:05]} 1/2-1/2

[Event "eytcc"]
[Site "?"]
[Date "2017.08.17"]
[Round "1.23"]
[White "Bjerre, Jonas"]
[Black "Kokoszczynski, Jan"]
[Result "1/2-1/2"]
[BlackElo "2126"]
[WhiteElo "2357"]
[LiveChessVersion "1.4.4"]

1. e4 {[%clk 1:30:52]} e5 {[%clk 1:30:42]} 2. Nf3 {[%clk 1:31:17]} Nc6
{[%clk 1:30:44]} 3. Bc4 {[%clk 1:31:38]} Bc5 {[%clk 1:30:48]} 4. c3
{[%clk 1:31:51]} Nf6 {[%clk 1:31:02]} 5. d3 {[%clk 1:32:10]} d6 {[%clk 1:30:36]}
6. b4 {[%clk 1:29:41]} Bb6 {[%clk 1:30:57]} 7. O-O {[%clk 1:29:47]} O-O
{[%clk 1:29:05]} 8. Nbd2 {[%clk 1:27:59]} a6 {[%clk 1:25:13]} 9. a4
{[%clk 1:19:18]} h6 {[%clk 1:18:21]} 10. Bb3 {[%clk 1:09:17]} d5 {[%clk 1:08:26]}
11. Qc2 {[%clk 1:01:59]} Re8 {[%clk 1:02:53]} 12. Bb2 {[%clk 0:52:44]} Be6
{[%clk 0:52:00]} 13. Rfe1 {[%clk 0:47:35]} d4 {[%clk 0:32:54]} 14. b5
{[%clk 0:41:06]} dxc3 {[%clk 0:29:06]} 15. Bxc3 {[%clk 0:37:42]} Nd4
{[%clk 0:25:24]} 16. Nxd4 {[%clk 0:35:24]} Bxd4 {[%clk 0:24:26]} 17. Bxd4
{[%clk 0:33:32]} Qxd4 {[%clk 0:21:25]} 18. Bxe6 {[%clk 0:32:03]} Rxe6
{[%clk 0:21:34]} 19. Nb3 {[%clk 0:30:05]} Qb6 {[%clk 0:18:52]} 20. Nc5
{[%clk 0:28:09]} Rd6 {[%clk 0:18:22]} 21. bxa6 {[%clk 0:24:29]} bxa6
{[%clk 0:18:11]} 22. Rab1 {[%clk 0:23:02]} Qc6 {[%clk 0:18:25]} 23. Rec1
{[%clk 0:22:27]} Nd7 {[%clk 0:17:07]} 24. Nxd7 {[%clk 0:18:49]} Qxc2
{[%clk 0:15:30]} 25. Rxc2 {[%clk 0:18:39]} Rxd7 {[%clk 0:15:58]} 26. Rb3
{[%clk 0:18:19]} Rad8 {[%clk 0:15:53]} 27. f3 {[%clk 0:13:35]} Rxd3
{[%clk 0:14:12]} 28. Rxd3 {[%clk 0:13:54]} Rxd3 {[%clk 0:14:39]} 29. Rxc7
{[%clk 0:14:02]} Ra3 {[%clk 0:14:43]} 30. Rc4 {[%clk 0:14:13]} Ra2
{[%clk 0:14:42]} 31. h4 {[%clk 0:14:00]} Kf8 {[%clk 0:15:07]} 1/2-1/2

[Event "eytcc"]
[Site "?"]
[Date "2017.08.17"]
[Round "1.24"]
[White "Sanz Wawer, Daniel"]
[Black "Jacobsen, Mikkel Manosri"]
[Result "1-0"]
[BlackElo "2219"]
[WhiteElo "1972"]
[LiveChessVersion "1.4.4"]

1. d4 {[%clk 1:30:53]} Nf6 {[%clk 1:30:58]} 2. c4 {[%clk 1:31:09]} e6
{[%clk 1:31:24]} 3. Nc3 {[%clk 1:31:25]} Bb4 {[%clk 1:30:45]} 4. Qc2
{[%clk 1:31:45]} b6 {[%clk 1:30:09]} 5. a3 {[%clk 1:31:45]} Be7 {[%clk 1:27:28]}
6. Bg5 {[%clk 1:30:01]} Bb7 {[%clk 1:26:06]} 7. Nf3 {[%clk 1:27:10]} c5
{[%clk 1:26:06]} 8. dxc5 {[%clk 1:21:31]} bxc5 {[%clk 1:26:23]} 9. e3
{[%clk 1:08:34]} d6 {[%clk 1:26:14]} 10. Be2 {[%clk 1:08:11]} Nbd7
{[%clk 1:26:13]} 11. O-O {[%clk 1:07:19]} h6 {[%clk 1:24:09]} 12. Bh4
{[%clk 0:59:35]} g5 {[%clk 1:07:05]} 13. Bg3 {[%clk 0:58:54]} Qb6
{[%clk 0:52:14]} 14. Rfd1 {[%clk 0:46:49]} h5 {[%clk 0:48:50]} 15. h4
{[%clk 0:34:21]} gxh4 {[%clk 0:48:50]} 16. Nxh4 {[%clk 0:33:18]} Rg8
{[%clk 0:43:52]} 17. Bf3 {[%clk 0:29:01]} Bxf3 {[%clk 0:42:05]} 18. Nxf3
{[%clk 0:29:18]} Rg4 {[%clk 0:41:11]} 19. Nb5 {[%clk 0:19:50]} Kf8
{[%clk 0:30:50]} 20. Bxd6 {[%clk 0:14:09]} a6 {[%clk 0:30:52]} 21. Bxe7+
{[%clk 0:13:59]} Kxe7 {[%clk 0:31:20]} 22. Nd6 {[%clk 0:11:05]} Qc6
{[%clk 0:27:41]} 23. e4 {[%clk 0:08:56]} Rag8 {[%clk 0:26:53]} 24. Ne1
{[%clk 0:06:21]} Ne5 {[%clk 0:15:35]} 25. Qc3 {[%clk 0:03:25]} Nxe4
{[%clk 0:15:25]} 26. Qxe5 {[%clk 0:01:01]} Nxd6 {[%clk 0:15:40]} 27. f3
{[%clk 0:00:49]} R8g5 {[%clk 0:14:36]} 28. Qxd6+ {[%clk 0:00:45]} Qxd6
{[%clk 0:12:07]} 29. Rxd6 {[%clk 0:01:10]} Kxd6 {[%clk 0:12:32]} 30. fxg4
{[%clk 0:01:37]} hxg4 {[%clk 0:12:56]} 31. Rd1+ {[%clk 0:01:27]} Ke5
{[%clk 0:12:58]} 32. b4 {[%clk 0:01:04]} Ke4 {[%clk 0:13:18]} 33. b5
{[%clk 0:00:58]} axb5 {[%clk 0:13:41]} 34. cxb5 {[%clk 0:01:23]} c4
{[%clk 0:14:07]} 35. a4 {[%clk 0:01:30]} Ke3 {[%clk 0:14:27]} 36. Nc2+
{[%clk 0:00:50]} Ke2 {[%clk 0:14:56]} 37. Rd8 {[%clk 0:00:43]} e5
{[%clk 0:15:04]} 38. b6 {[%clk 0:00:38]} Rf5 {[%clk 0:14:54]} 39. Ne3
{[%clk 0:00:35]} Kxe3 {[%clk 0:14:32]} 40. b7 {[%clk 0:30:49]} g3
{[%clk 0:44:21]} 41. b8=Q {[%clk 0:30:23]} Ke2 {[%clk 0:44:33]} 42. Qb2+
{[%clk 0:30:40]} Ke1 {[%clk 0:44:57]} 43. Qd2# {[%clk 0:30:59]} 1-0

[Event "eytcc"]
[Site "?"]
[Date "2017.08.17"]
[Round "1.25"]
[White "Murphy, Conor E"]
[Black "Janik, Igor"]
[Result "1/2-1/2"]
[BlackElo "2420"]
[WhiteElo "2164"]
[LiveChessVersion "1.4.4"]

1. c4 {[%clk 1:30:55]} Nf6 {[%clk 1:30:47]} 2. g3 {[%clk 1:31:12]} g6
{[%clk 1:30:53]} 3. Bg2 {[%clk 1:31:32]} Bg7 {[%clk 1:31:16]} 4. Nc3
{[%clk 1:31:39]} O-O {[%clk 1:31:38]} 5. e4 {[%clk 1:31:44]} c5 {[%clk 1:30:32]}
6. Nge2 {[%clk 1:31:38]} Nc6 {[%clk 1:30:49]} 7. O-O {[%clk 1:31:52]} d6
{[%clk 1:30:52]} 8. d3 {[%clk 1:32:06]} a6 {[%clk 1:29:44]} 9. h3
{[%clk 1:29:42]} Rb8 {[%clk 1:29:42]} 10. a4 {[%clk 1:29:56]} Ne8
{[%clk 1:29:02]} 11. Be3 {[%clk 1:30:09]} Nc7 {[%clk 1:28:35]} 12. d4
{[%clk 1:29:35]} cxd4 {[%clk 1:27:13]} 13. Nxd4 {[%clk 1:29:56]} Ne6
{[%clk 1:25:23]} 14. Nde2 {[%clk 1:29:38]} Qa5 {[%clk 1:22:09]} 15. Nd5
{[%clk 1:24:08]} Qd8 {[%clk 1:18:33]} 16. Bb6 {[%clk 1:20:59]} Qe8
{[%clk 1:17:51]} 17. Rb1 {[%clk 1:17:02]} Bd7 {[%clk 1:14:47]} 18. f4
{[%clk 1:13:13]} f5 {[%clk 1:12:23]} 19. exf5 {[%clk 1:07:53]} gxf5
{[%clk 1:12:44]} 20. b4 {[%clk 1:07:40]} Rc8 {[%clk 1:00:26]} 21. a5
{[%clk 1:00:52]} Qf7 {[%clk 0:57:50]} 22. Qd3 {[%clk 0:53:34]} Kh8
{[%clk 0:53:14]} 23. Bf2 {[%clk 0:42:27]} Nc7 {[%clk 0:38:10]} 24. b5
{[%clk 0:32:47]} Nxa5 {[%clk 0:37:53]} 25. Nb6 {[%clk 0:22:19]} Rcd8
{[%clk 0:35:25]} 26. Rfc1 {[%clk 0:20:33]} Nxc4 {[%clk 0:22:54]} 27. Nxd7
{[%clk 0:17:54]} Rxd7 {[%clk 0:22:59]} 28. b6 {[%clk 0:14:22]} Nb5
{[%clk 0:21:10]} 29. Bd5 {[%clk 0:12:59]} Nb2 {[%clk 0:20:34]} 30. Rxb2
{[%clk 0:12:56]} e6 {[%clk 0:20:57]} 31. Rxb5 {[%clk 0:12:36]} axb5
{[%clk 0:21:19]} 32. Bg2 {[%clk 0:11:53]} d5 {[%clk 0:20:45]} 33. Nd4
{[%clk 0:11:43]} b4 {[%clk 0:20:52]} 34. Qb5 {[%clk 0:11:18]} e5 {[%clk 0:20:09]}
35. fxe5 {[%clk 0:11:22]} Bxe5 {[%clk 0:20:18]} 36. Qxb4 {[%clk 0:11:14]} Rg8
{[%clk 0:19:13]} 37. Nf3 {[%clk 0:10:15]} Bf6 {[%clk 0:19:16]} 38. Qf4
{[%clk 0:09:53]} Qg7 {[%clk 0:16:55]} 39. Qxf5 {[%clk 0:05:54]} Rf8
{[%clk 0:17:01]} 40. Rc7 {[%clk 0:30:35]} Rxc7 {[%clk 0:46:46]} 41. bxc7
{[%clk 0:28:56]} Qxc7 {[%clk 0:47:11]} 42. Qxd5 {[%clk 0:29:08]} Rd8
{[%clk 0:45:46]} 43. Qe6 {[%clk 0:28:33]} Bg7 {[%clk 0:45:22]} 44. Bb6
{[%clk 0:27:53]} Qd7 {[%clk 0:45:23]} 45. Qa2 {[%clk 0:25:52]} Rf8
{[%clk 0:41:01]} 46. Kh2 {[%clk 0:25:47]} Qc6 {[%clk 0:40:13]} 47. Qb3
{[%clk 0:24:26]} Qc3 {[%clk 0:38:56]} 48. Qd5 {[%clk 0:23:22]} Qb2
{[%clk 0:33:37]} 49. Bc5 {[%clk 0:20:58]} Ra8 {[%clk 0:31:08]} 50. Ng5
{[%clk 0:20:58]} h6 {[%clk 0:31:27]} 51. Ne6 {[%clk 0:19:50]} Be5
{[%clk 0:30:15]} 52. Nd4 {[%clk 0:19:54]} Re8 {[%clk 0:29:10]} 53. Nf5
{[%clk 0:19:46]} b6 {[%clk 0:27:50]} 54. Be7 {[%clk 0:15:35]} Qe2
{[%clk 0:17:58]} 55. Bh4 {[%clk 0:12:44]} Qh5 {[%clk 0:18:05]} 56. Qc6
{[%clk 0:09:22]} Rf8 {[%clk 0:14:01]} 57. Qxh6+ {[%clk 0:08:42]} Qxh6
{[%clk 0:14:31]} 58. Nxh6 {[%clk 0:09:06]} Kg7 {[%clk 0:13:48]} 59. Ng4
{[%clk 0:09:15]} Bd4 {[%clk 0:13:59]} 60. Bg5 {[%clk 0:09:21]} Re8
{[%clk 0:14:12]} 61. Bf1 {[%clk 0:08:25]} Re1 {[%clk 0:14:16]} 62. Kg2
{[%clk 0:08:48]} Rb1 {[%clk 0:14:34]} 63. Be3 {[%clk 0:05:08]} Bc3
{[%clk 0:14:50]} 64. Nf2 {[%clk 0:05:10]} b5 {[%clk 0:14:53]} 65. Ne4
{[%clk 0:05:14]} Be5 {[%clk 0:15:09]} 66. Nd2 {[%clk 0:05:07]} Rb2
{[%clk 0:14:00]} 67. Kf3 {[%clk 0:05:24]} Bc3 {[%clk 0:14:15]} 68. Ne4
{[%clk 0:05:13]} Be5 {[%clk 0:14:41]} 69. Nc5 {[%clk 0:05:16]} Bf6
{[%clk 0:13:52]} 70. h4 {[%clk 0:05:17]} b4 {[%clk 0:14:05]} 71. Bc4
{[%clk 0:05:38]} Rb1 {[%clk 0:13:39]} 72. h5 {[%clk 0:05:50]} Rh1
{[%clk 0:12:59]} 73. h6+ {[%clk 0:05:55]} Kh7 {[%clk 0:13:18]} 74. Nd7
{[%clk 0:05:24]} Bb2 {[%clk 0:12:59]} 75. g4 {[%clk 0:04:41]} Kh8
{[%clk 0:11:46]} 76. g5 {[%clk 0:04:08]} Rh3+ {[%clk 0:12:01]} 77. Kf2
{[%clk 0:00:34]} Rxe3 {[%clk 0:12:11]} 78. Kxe3 {[%clk 0:00:36]} Bc1+
{[%clk 0:12:36]} 79. Ke4 {[%clk 0:01:03]} Bxg5 {[%clk 0:13:04]} 80. Kf5
{[%clk 0:01:23]} Bxh6 {[%clk 0:13:27]} 81. Kg6 {[%clk 0:01:51]} Bd2
{[%clk 0:13:19]} 82. Nf8 {[%clk 0:01:29]} Bc3 {[%clk 0:13:15]} 83. Kh6
{[%clk 0:01:44]} Bg7+ {[%clk 0:13:40]} 84. Kg6 {[%clk 0:02:10]} Bxf8
{[%clk 0:14:09]} 85. Kf7 {[%clk 0:02:34]} Bg7 {[%clk 0:14:37]} 86. Ke6
{[%clk 0:02:58]} b3 {[%clk 0:15:04]} 87. Bxb3 {[%clk 0:03:23]} Bf6
{[%clk 0:15:32]} 88. Kf7 {[%clk 0:03:48]} Bg7 {[%clk 0:15:59]} 89. Ke6
{[%clk 0:04:14]} Bf6 {[%clk 0:16:26]} 90. Kxf6 1/2-1/2